[Event "Interpolis"]
[Site "Tilburg"]
[Date "1992.10.10"]
[Round "1.5"]
[White "Hertneck, Gerald"]
[Black "Dolmatov, Sergey"]
[Result "1-0"]
[WhiteElo "2560"]
[BlackElo "2610"]
[Annotator "Knaak,R"]
[PlyCount "148"]
[EventDate "1992.10.08"]
[EventType "k.o."]
[EventRounds "7"]
[EventCountry "NED"]
[SourceTitle "CBM 032"]
[Source "ChessBase"]
[SourceDate "1993.02.01"]
[SourceVersion "1"]
[SourceVersionDate "1993.02.01"]
[SourceQuality "1"]

{Barrage 15'} 1. d4 e6 2. e4 d5 3. exd5 exd5 4. Nf3 Nc6 5. Bd3 Bg4 6. c3 Qd7 7.
O-O Bd6 8. Re1+ Nge7 9. h3 $6 {>< g3} Bh5 10. Nbd2 O-O-O 11. Qc2 f6 12. Nh4 Kb8
13. Nf1 g5 14. Nf5 Nxf5 15. Bxf5 Qg7 16. Ng3 Bg6 17. Bd2 Ne7 18. Bd3 Bxg3 $1
$15 {>< e4} 19. fxg3 Nc8 20. b3 Nd6 21. c4 Bxd3 22. Qxd3 Ne4 23. Bb4 f5 24.
Rad1 dxc4 25. Qxc4 Rhe8 26. d5 Qf6 27. g4 Qb6+ 28. Kh2 Qf2 29. Qd4 Qxd4 (29...
Qf4+ $5 30. Kg1 fxg4 31. Rf1 Qg3 32. Rd3 Qh4 $17) 30. Rxd4 c5 $1 $17 31. Bxc5
Nxc5 32. Rxe8 Rxe8 33. gxf5 Kc7 (33... Rf8 34. d6 Nd7 35. g4 $17) 34. d6+ Kc6 (
34... Kd7 $19) 35. Kg3 Nd7 (35... h5 $1 36. h4 Ne4+ 37. Kh2 Nxd6 $19) 36. Kg4
Kc5 $6 37. Rd1 Rg8 $2 (37... h6 38. Kh5 Rf8 $1 39. g4 Rf6 $19) 38. Kh5 g4 39.
h4 g3 (39... Nf6+ 40. Kh6 Kc6 41. Re1 $140 $1 Kxd6 42. Re6+ $18) 40. Kh6 Nf6
41. d7 Rd8 42. Kg7 Rxd7+ $2 (42... Nd5 43. f6 Rxd7+ 44. f7 $13) 43. Rxd7 Nxd7
44. Kxh7 $18 Kd5 (44... Kd4 45. h5 Ke3 46. h6 Kf2 47. Kg7 Kxg2 48. h7 Kf2 49.
h8=Q g2 50. Qh2 $18) 45. h5 Ke5 46. Kg6 Nf6 47. h6 b6 48. b4 b5 49. a3 a6 50.
h7 Nxh7 51. Kxh7 Kxf5 52. Kh6 Ke4 53. Kg5 Kd3 54. Kf4 Kc3 55. Kxg3 Kb3 56. Kf4
Kxa3 57. g4 Kxb4 58. g5 Ka3 59. g6 b4 60. g7 b3 61. g8=Q b2 62. Qf8+ Ka2 63.
Qf7+ Ka1 64. Qf6 a5 65. Qd4 Kb1 66. Qd1+ Ka2 67. Qa4+ Kb1 68. Ke3 Kc1 69. Qc4+
Kd1 70. Qd3+ Kc1 71. Qc3+ Kb1 72. Kd2 Ka2 73. Qc4+ Kb1 74. Kc3 Ka1 {Time} 1-0

[Event "DDR-ch29 Final"]
[Site "Plauen"]
[Date "1980.02.12"]
[Round "10"]
[White "Casper, Thomas"]
[Black "Knaak, Rainer"]
[Result "0-1"]
[WhiteElo "2340"]
[BlackElo "2535"]
[Annotator "Knaak,R"]
[PlyCount "66"]
[EventDate "1980.02.03"]
[EventType "tourn"]
[EventRounds "15"]
[EventCountry "DDR"]
[EventCategory "5"]
[SourceTitle "MCL"]
[Source "ChessBase"]
[SourceDate "1999.07.01"]
[SourceVersion "1"]
[SourceVersionDate "1999.07.01"]
[SourceQuality "1"]

1. e4 e6 $1 {Nach 13-jähriger Pause wieder Französisch. Es gingen keine großen
Theoriestudien voraus. Casper ist aber bekannt als 3.e5-Spieler und davor
hatte ich keine Angst.} 2. Nc3 d5 3. d4 Bb4 {Er hatte bis hierher schon sehr
zögerlich gespielt und 13 Minuten verbraucht. Für den nächsten Zug benötigte
er gar 14.} 4. exd5 exd5 5. Bd3 c5 $6 {Ein gewagter Versuch. Bei normalen
Zügen hat man Ausgleich.} 6. dxc5 $1 {Sonst ist 6...Lc3 nebst 7...c4 sehr
stark.} d4 (6... Bxc5 {und Weiß steht besser.}) 7. a3 Ba5 8. b4 dxc3 9. bxa5
Qxa5 10. Qe2+ Ne7 11. Nf3 Nbc6 12. O-O Qxc5 (12... h6 {war wohl genauer.}) 13.
Rb1 (13. a4 $1 {Dieser Normalzug ist sehr stark.} Be6 (13... O-O 14. Ba3 Qh5 {
Nun hatten wir beide} 15. Bb5 $1 {übersehen, z.B.:} Be6 {(ist noch am besten)}
(15... Re8 16. Bxc6 bxc6 17. Bxe7 a5 18. Rfe1 Ra7 19. Rad1 $18) (15... Bg4 16.
Bxe7 Nd4 17. Nxd4 Bxe2 18. Bxe2 $16) 16. Bxc6 Nxc6 17. Bxf8 Rxf8) 14. Ba3 Qa5 {
kann man auch versuchen, kommt aber in vielen Varianten nicht zur Rochade.})
13... h6 $1 14. Rd1 a6 (14... O-O 15. Rb5 Qd6 16. Rh5 {und der Turm spielt mit.
}) 15. Bf4 Be6 $5 (15... b5 $6 16. Be4) (15... O-O $6 16. Bd6 Qh5 17. Be4) 16.
Rxb7 Nd5 17. Bc1 O-O {Nun hat man wohl Ausgleich. Weiß hat hier schon 100
Minuten verbraucht und kommt nun ins Schwimmen.} 18. Bxa6 $6 Bc8 $1 {Ich fand
die richtigen Ideen erst nach längerem Nachdenken [22 min]. Vorher war ich
sicher daß nach 18.Lxa6 etwas geht.} 19. Qb5 $6 (19. Rb5 {Hält die Balance. Es
folgt} Bxa6 20. Rxc5 Bxe2 21. Rdxd5 {und nun sehr stark} Rfb8 $1 {Dies war der
schwierigste Zug in der Vorausberechnung.} 22. Rxc6 $1 (22. Ne1 Rb1 23. f3 Rxc1
24. Kf2 (24. Rxc6 Rxe1+ 25. Kf2 Rc1 {und das Endspiel sollte gewonnen sein.})
24... Ba6 $1 25. Rxc6 Bb7 26. Rdc5 Bxc6 27. Rxc6 Re8 $1 $19) 22... Rb1 23. h4
Rxc1+ 24. Kh2 Bxf3 25. gxf3 Rxc2 26. Kg3 Rxa3 $10) 19... Qxb5 20. Rxb5 Nc7 $1 {
Das war der andere schwer zu findende Zug.} 21. Rc5 $6 {Das ist hoffnungslos.
Aber der Verlust der Qualität bietet wegen der Schwäche der Grundreihe und des
starken Bauern c3 kaum Remischancen.} (21. Bb7 Rb8 22. Bxc6 Nxb5 23. a4 Na7 24.
Bd5 $17) (21. Bxc8 Nxb5 22. Bb7 Rad8 $17) 21... Rxa6 22. Rxc3 Be6 23. Rd6 Ne7
24. Rxa6 Nxa6 25. Nd4 Rb8 26. Nb3 Rd8 27. Kf1 Nd5 28. Rg3 Ne7 29. Rc3 Rd1+ 30.
Ke2 Rh1 31. h3 Rg1 32. g4 Rh1 33. Bf4 Nd5 0-1

[Event "Petrov Memorial op"]
[Site "St Petersburg"]
[Date "1996.??.??"]
[Round "9"]
[White "Gubanov, Anton"]
[Black "Volkov, Sergey"]
[Result "1/2-1/2"]
[WhiteElo "2375"]
[BlackElo "2460"]
[Annotator "Knaak,R"]
[PlyCount "40"]
[EventDate "1996.02.??"]
[EventType "swiss"]
[EventRounds "9"]
[EventCountry "RUS"]
[SourceTitle "CBM 052"]
[Source "ChessBase"]
[SourceDate "1996.06.01"]
[SourceVersion "1"]
[SourceVersionDate "1996.06.01"]
[SourceQuality "1"]

1. e4 {Ftacnik} e6 2. d4 d5 3. exd5 exd5 4. Nf3 Nc6 {Es hat sich seit dem
Survey in CBM 38 nicht viel getan: Weiß kann keinen Vorteil erzielen.} 5. Bb5
Bd6 6. c4 (6. O-O Nge7 7. c4 dxc4 8. Bxc4 O-O 9. h3 Nf5 10. d5 Ne5 11. Nxe5
Bxe5 $15 {Dolmatov}) 6... dxc4 7. d5 a6 8. Ba4 b5 9. dxc6 bxa4 10. O-O Ne7 11.
Qxa4 O-O 12. Nbd2 Rb8 (12... c3 13. bxc3 Qe8 $10 {Dolmatov}) 13. a3 Rb5 14.
Nxc4 Nxc6 15. Nxd6 cxd6 16. Bg5 Qd7 17. Rad1 (17. b4 Bb7 $13) 17... Rxb2 18.
Qf4 d5 (18... f6 19. Rxd6 fxg5 $1 20. Qc4+ Qf7 21. Rxc6 (21. Qxc6 g4 (21... Bb7
22. Qc3 (22. Nxg5 $2 Qxf2+ 23. Rxf2 Rb1+ 24. Rf1 Rbxf1#) 22... Re2 (22... Rb3
23. Qd4 Rxf3 24. Rd7 $1 $10) 23. Nxg5 Rxf2 24. Nxf7 Rxg2+ 25. Kh1 Rf2+ $10) 22.
Nd2 h6 $13) 21... Qxc4 22. Rxc4 a5 $15) 19. Bf6 $1 $10 Rb5 (19... gxf6 {Ftacnik
} 20. Qxf6 Re2 21. Qg5+ Kh8 22. Qf6+ Kg8 23. Qg5+ $10) 20. Bxg7 Kxg7 (20...
Kxg7 {Ftacnik} 21. Qg5+ Kh8 22. Qf6+ $10) 1/2-1/2

[Event "Interzonal-15"]
[Site "Manila"]
[Date "1990.??.??"]
[Round "13"]
[White "Gurevich, Mikhail"]
[Black "Short, Nigel D"]
[Result "0-1"]
[WhiteElo "2640"]
[BlackElo "2610"]
[Annotator "Knaak,R"]
[PlyCount "84"]
[EventDate "1990.06.29"]
[EventType "swiss"]
[EventRounds "13"]
[EventCountry "PHI"]
[SourceTitle "CBM 019"]
[Source "ChessBase"]
[SourceDate "1990.12.01"]
[SourceVersion "1"]
[SourceVersionDate "1990.12.01"]
[SourceQuality "1"]

1. d4 e6 2. e4 d5 3. exd5 exd5 4. Nf3 Bg4 5. h3 Bh5 6. Be2 Bd6 (6... Nc6 7. O-O
Bd6 8. Nc3 Nge7 9. Be3 f6 10. Qd2 Bf7 11. Rae1 $14 {Marshall-Capablanca/
Petersburg/1914}) (6... Nc6 {Short}) 7. Ne5 $6 Bxe2 8. Qxe2 Ne7 9. O-O O-O 10.
Bf4 Re8 11. Qg4 Bxe5 12. Bxe5 Ng6 $15 {Mit einfachen Zügen hat Short die
angenehmere Stellung erreicht.} 13. Bg3 Nd7 14. Nd2 Nf6 15. Qf3 c6 16. Qb3 Qb6
$5 17. Qxb6 axb6 18. a3 $6 (18. a4 $1 {=/=/+} Ne4 (18... Re2 {Short} 19. Rfd1
Ne4 20. Nxe4 dxe4 21. Rac1 {/\ Kf1}) 19. Nxe4 Rxe4 20. c3 Re2 21. b3 $1 Rae8
22. Bc7 Rc2 23. Rac1 Ree2 24. Rxc2 Rxc2 25. Re1 $10) 18... Ne4 (18... Nh5 {
Short} 19. Bc7 Nhf4 (19... b5 20. Rfe1 Nhf4 21. Bxf4 Nxf4 22. Kf1 g5 $15) 20.
Bxb6 Ra6 21. Bc5 b6 22. Bd6 Ne2+ 23. Kh1 Nxd4 24. c4 $5 $13) 19. Nxe4 Rxe4 20.
Rfd1 b5 $17 21. Kf1 f6 22. f3 Re6 23. Re1 Kf7 24. Rxe6 Kxe6 25. Re1+ (25. Be1
$5 {Short /\ Bb4}) 25... Kd7 26. Ke2 (26. Bh2 $1 {Short /\} h5 27. g4) 26... h5
27. Kd3 h4 28. Bh2 Ne7 29. Bf4 Nf5 30. Bd2 b6 31. Re2 (31. Bb4 {Short} Rc8 {
(/\ c5)} 32. Re2 c5 33. Bc3 Ra8 {/\ Ra4}) 31... c5 32. Be3 b4 33. axb4 c4+ 34.
Kc3 Nd6 35. Re1 Ra4 36. Kd2 Rxb4 37. Ra1 Rxb2 38. Ra7+ Ke6 39. Rxg7 b5 40. Bf2
b4 41. Kc1 c3 42. Bxh4 Nf5 0-1

[Event "Baden-Baden-B"]
[Site "Baden-Baden"]
[Date "1992.12.07"]
[Round "3"]
[White "Hickl, Joerg"]
[Black "Uhlmann, Wolfgang"]
[Result "1-0"]
[WhiteElo "2540"]
[BlackElo "2480"]
[Annotator "Knaak,R"]
[PlyCount "85"]
[EventDate "1992.12.??"]
[EventType "tourn"]
[EventRounds "11"]
[EventCountry "GER"]
[EventCategory "11"]
[SourceTitle "CBM 033"]
[Source "ChessBase"]
[SourceDate "1993.04.01"]
[SourceVersion "1"]
[SourceVersionDate "1993.04.01"]
[SourceQuality "1"]

1. e4 e6 2. d4 d5 3. Nc3 Bb4 4. exd5 exd5 5. Bd3 Nc6 6. a3 Ba5 $6 (6... Bxc3+)
7. Be3 Nge7 $14 (7... Nf6 $5) 8. Qh5 $146 (8. Nf3 Bg4 9. h3 Bh5 $6 10. Qe2 f6
11. g4 Bf7 12. b4 Bb6 13. Nd1 $14 h5 14. g5 h4 15. c3 Bh5 16. gxf6 gxf6 17. a4
a5 18. b5 Na7 19. Bf4 Qd7 20. Ne3 $16 {Chajes-Nimzowitsch/Karlsbad/1923}) 8...
Be6 9. b4 $1 Bb6 10. Nf3 Qd7 11. b5 $1 Ba5 (11... Na5 12. Ne5 $16) 12. Bd2 Nb8
(12... Nd8 13. Ne5 $16) 13. Ng5 $1 {>< Nb8} h6 14. O-O g6 15. Qh4 Bf5 16. Rfe1
Kf8 17. Nf3 Bxd3 18. cxd3 (18. Bxh6+ $6 Kg8 19. Rxe7 Rxh6 20. Rxd7 Rxh4 21.
Rd8+ Kg7 22. Nd1 $13) 18... g5 (18... Bxc3 19. Qf6 $1 $16) 19. Qh5 $16 {
>< f5, e5} Ng6 20. Ne5 Qd6 21. Ne4 $1 dxe4 22. Bxa5 Kg7 23. dxe4 c6 (23... Qxd4
24. Nxg6 fxg6 25. Qf3 $18) 24. Nc4 Qf6 (24... Qxd4 25. Rac1 Nf4 26. Qg4 $16 {
/^ a1-h8}) 25. Ne3 Nf4 26. Qf3 cxb5 27. Ng4 Qg6 28. d5 Nd7 29. Bc3+ $18 Kh7 30.
Ne5 Nxe5 31. Bxe5 Rhg8 32. Rac1 Rae8 33. Bxf4 gxf4 34. Rc7 Rg7 (34... Rb8 35.
g3 fxg3 36. Rxf7+ Kh8 37. hxg3 $18) 35. Rxb7 f5 36. Rxg7+ Qxg7 37. Qxf4 fxe4
38. g3 Qe5 39. Qf7+ Kh8 40. d6 Rd8 41. Qxa7 Rxd6 42. Qa8+ Kg7 43. Qxe4 1-0

[Event "Linares 09th"]
[Site "Linares"]
[Date "1991.??.??"]
[Round "7"]
[White "Speelman, Jonathan S"]
[Black "Salov, Valery"]
[Result "1/2-1/2"]
[WhiteElo "2610"]
[BlackElo "2645"]
[Annotator "Knaak,R"]
[PlyCount "85"]
[EventDate "1991.02.??"]
[EventType "tourn"]
[EventRounds "13"]
[EventCountry "ESP"]
[EventCategory "17"]
[SourceTitle "CBM 022"]
[Source "ChessBase"]
[SourceDate "1991.06.01"]
[SourceVersion "1"]
[SourceVersionDate "1991.06.01"]
[SourceQuality "1"]

1. d4 d5 2. c4 c6 3. Nc3 e5 4. e3 (4. cxd5 {>=} cxd5 5. Nf3 $14 {-> D10}) 4...
exd4 5. exd4 Nf6 6. cxd5 Nxd5 $10 7. Bd3 Be7 8. Nf3 Bg4 9. O-O O-O 10. Re1 Nd7
11. Nxd5 cxd5 12. Bf4 Rc8 13. h3 Bh5 14. Bf5 Bg6 15. Bxg6 fxg6 16. Bg3 Bf6 17.
Qb3 Nb6 18. a4 Qd7 19. a5 Nc4 20. Qb4 Rc6 21. b3 Nd6 22. Bxd6 Rxd6 23. Ne5 Bxe5
24. dxe5 Re6 25. Rad1 b6 26. Qd4 Rd8 27. axb6 Rxb6 28. Ra1 Qe7 29. Re3 g5 30.
Rc3 h6 31. Ra5 Qb7 32. e6 Qe7 33. Rxd5 Rxd5 34. Rc8+ Kh7 35. Qe4+ g6 36. Qxd5
Rxe6 37. Qc4 Qf6 38. g3 h5 39. Ra8 Re7 40. Qc5 Qf7 41. Kf1 Rb7 42. b4 Rd7 43.
Qc3 1/2-1/2

[Event "Athens Akropolis 15th"]
[Site "Athens"]
[Date "1992.05.14"]
[Round "1"]
[White "Moutousis, Konstantinos"]
[Black "Knaak, Rainer"]
[Result "0-1"]
[WhiteElo "2405"]
[BlackElo "2505"]
[Annotator "Knaak,R"]
[PlyCount "150"]
[EventDate "1992.05.14"]
[EventType "tourn"]
[EventRounds "9"]
[EventCountry "GRE"]
[EventCategory "8"]
[SourceTitle "CBM 030"]
[Source "ChessBase"]
[SourceDate "1992.10.01"]
[SourceVersion "1"]
[SourceVersionDate "1992.10.01"]
[SourceQuality "1"]

1. e4 e6 2. d4 d5 3. exd5 exd5 4. Nf3 Bd6 5. Bg5 Ne7 6. Nbd2 Bf5 7. Bb5+ $6 (7.
Be2 Nbc6 $10) 7... c6 8. Be2 Qb6 9. O-O $8 f6 10. Be3 Qxb2 11. c4 Bc2 $2 (11...
O-O 12. c5 Bc7 13. Nb3 Qc2 14. Qe1 Bg4 $17) 12. Qe1 Bb4 $5 13. cxd5 $8 Nxd5 $2
(13... cxd5 14. Bb5+ {(Übersehen bei 11...Bc2.)} Nbc6 15. Qe2 Bg6 $1) 14. Bc4
O-O (14... Kd8 $6 {(Wollte ich erst spielen.)} 15. Bxd5 cxd5 16. Qe2 $40 {
u. a. /\ Ng5}) 15. Qe2 Ba3 16. Rab1 $3 Bxb1 17. Rxb1 $16 Qc2 18. Bd3 $1 Qa4 {
>< Qa4} 19. Nh4 $1 Rf7 (19... Nd7 20. Qh5 f5 21. Bxf5 Rxf5 $8 22. Nxf5 $16) 20.
Qh5 f5 (20... g6 21. Nxg6 (21. Bxg6 $5 hxg6 22. Qxg6+ Rg7 23. Qe8+ Bf8 24. Qe6+
$40) 21... Nd7 22. Nh4 Nf8 23. Nf5 $16) 21. Nxf5 Nd7 22. Rxb7 $5 (22. Nd6 $1 g6
$8 23. Bxg6 hxg6 24. Qxg6+ Rg7 25. Qe6+ Kh8 (25... Kh7 26. Nf5 $1 $18) 26. Nf7+
Rxf7 27. Qxf7 $16) 22... N5f6 $1 23. Qe2 Nb6 $1 24. Rxf7 Kxf7 25. g4 $1 Kg8 26.
g5 Nfd7 27. Qg4 $6 (27. Bf4 $1 Kh8 28. Nxg7 $1 Kxg7 29. Qh5 Qxd4 30. Qxh7+ Kf8
31. g6 Ke8 32. g7 Nf6 33. Bg6+ Kd8 34. g8=Q+ $1 Nxg8 35. Qc7#) 27... Nf8 (27...
Ne5 $2 28. Nh6+ $1 gxh6 29. Qe6+ Nf7 30. Bxh7+ $1 $18) 28. Ne4 $14 Nd5 29. Nf6+
Kh8 30. Nh5 g6 31. Qe4 Qd1+ 32. Kg2 Nd7 33. Nfg3 Rf8 34. Be2 Nxe3+ 35. fxe3 Qe1
36. Nf4 Qb4 37. Qxc6 Qd6 38. Qe4 (38. Qc2 $5 {/\ kein Q-Tausch.}) 38... Qe7 39.
Ne6 Re8 40. Bc4 Qb4 41. Qd5 Qd6 42. Qxd6 Bxd6 43. Ne4 Ba3 44. Nf6 $2 (44. Kf3
$14) 44... Rc8 $1 45. Bb3 Nb6 46. Ne4 {Hat 2 Tempi verloren.} Rc1 $1 47. N4c5
Nc4 48. Kf2 $2 (48. e4 Nd2 49. Bd5 Rc2 $1 50. Kg3 Nf1+ 51. Kf4 Bc1+ 52. Ke5
Nxh2 $13) 48... Nd2 49. Bd5 Rc2 $1 50. Ke1 (50. Kg3 Nf1+ 51. Kf4 Bc1 $17) 50...
Nb1 51. e4 Bb4+ 52. Kf1 Nd2+ 53. Ke2 Nb3+ $1 $19 54. Ke3 Nxc5 55. dxc5 Bxc5+
56. Nxc5 Rxc5 57. Kd4 Rc2 58. Ke5 Rxh2 59. Kd6 (59. Kf6 Rf2+ 60. Ke7 Kg7 61. e5
Rf5 $1 $19) 59... Kg7 60. e5 Kf8 61. a4 a5 62. Bc6 Rc2 {Abgabezug.} (62... h5
$1 63. gxh6 Rxh6 64. e6 g5 65. Be4 Ke8 66. Bf5 Kd8 67. Bg4 Rg6 68. Bf5 Rg7 69.
Bg4 Ra7 70. Be2 Rb7 $19 {Moutousis}) 63. Bb5 Rg2 64. Bd7 Re2 $1 65. Ke6 Kg7 66.
Bb5 Re1 67. Kd6 (67. Bc6 h5 $1 68. gxh6+ Kxh6 69. Kf6 Rf1+ 70. Ke7 Kg7 $19)
67... Kf7 $1 68. Bc4+ Ke8 69. Ke6 Kd8 70. Kf6 Re4 71. Bb5 Rf4+ $1 72. Kg7 (72.
Ke6 Kc7 $1 73. Ke7 Rf5 74. e6 Rxg5 75. Kf6 Rf5+ $19) 72... Rf5 73. Kxh7 Rxg5
74. Bd3 Rg4 75. Bb5 Ke7 0-1

[Event "Hastings 9091"]
[Site "Hastings"]
[Date "1990.12.??"]
[Round "11"]
[White "Larsen, Bent"]
[Black "Kosten, Anthony C"]
[Result "1/2-1/2"]
[WhiteElo "2545"]
[BlackElo "2510"]
[Annotator "Knaak,R"]
[PlyCount "78"]
[EventDate "1990.12.??"]
[EventType "tourn"]
[EventRounds "14"]
[EventCountry "ENG"]
[EventCategory "13"]
[SourceTitle "CBM 022"]
[Source "ChessBase"]
[SourceDate "1991.06.01"]
[SourceVersion "1"]
[SourceVersionDate "1991.06.01"]
[SourceQuality "1"]

1. e4 e6 2. d4 d5 3. Nc3 Bb4 4. exd5 exd5 5. Bd3 Nc6 6. Nf3 $6 (6. Nge2) (6. a3
) 6... Bg4 7. O-O Nge7 8. Ne2 $6 (8. Be2) 8... Bxf3 9. gxf3 Bd6 10. c3 Qd7 11.
Ng3 h5 $17 12. Re1 O-O-O 13. Qc2 g6 14. Kg2 h4 15. Nf1 Rdg8 16. h3 Nd8 17. Ne3
f5 18. c4 Ne6 19. Nxd5 Nxd4 20. Qc3 c5 21. b4 Nec6 22. b5 Ne5 23. f4 Nef3 24.
Be3 g5 25. Bxd4 cxd4 26. Qa5 Nxe1+ 27. Rxe1 gxf4+ (27... Kb8 $1 28. b6 (28. Nf6
gxf4+ 29. Kf1 Qg7 30. Nxg8 Rxg8 $17) 28... a6 29. Nf6 Qc6+ $17) 28. Kf1 Kb8 29.
b6 a6 30. Nf6 Qg7 31. Qxf5 Qg2+ 32. Ke2 Rg5 33. Nd7+ Ka8 34. Qe6 Qc6 35. Be4
Re5 36. Nxe5 Qxe4+ 37. Kf1 Qh1+ 38. Ke2 Qe4+ 39. Kf1 Qh1+ 1/2-1/2

[Event "GER-ch"]
[Site "Bad Neuenahr"]
[Date "1991.??.??"]
[Round "5"]
[White "Hickl, Joerg"]
[Black "Uhlmann, Wolfgang"]
[Result "1-0"]
[WhiteElo "2480"]
[BlackElo "2510"]
[Annotator "Knaak,R"]
[PlyCount "55"]
[EventDate "1991.06.??"]
[EventType "tourn"]
[EventRounds "15"]
[EventCountry "GER"]
[EventCategory "7"]
[SourceTitle "CBM 024"]
[Source "ChessBase"]
[SourceDate "1991.10.01"]
[SourceVersion "1"]
[SourceVersionDate "1991.10.01"]
[SourceQuality "1"]

1. e4 e6 2. Nc3 d5 3. d4 Bb4 4. exd5 exd5 5. Bd3 Ne7 6. Qf3 Be6 7. Nge2 Qd7 8.
O-O {Weiß zögert noch mit a3 und verhindert Bf5 ohne Nbc6.} Nbc6 (8... Bf5 $4
9. Nxd5 $1) (8... c6 $5 {/\ 9.a3 Bd6 und Na6.}) 9. a3 Bxc3 10. bxc3 Bf5 11. Ng3
Bxd3 12. cxd3 O-O 13. h4 Rae8 (13... Na5 $5) 14. h5 h6 15. a4 $1 {Der Verzicht
auf Rb1 scheint ein Vorteil zu sein.} (15. Rb1 {Zugumstellung} b6 16. a4 Nd8
17. Ba3 Ne6 18. Bxe7 Qxe7 19. Qxd5 Nf4 20. Qf3 Ne2+ 21. Nxe2 Qxe2 {=/+/=
Hickl-Uhlmann/FRG-DDR/1988}) 15... Kh7 $6 (15... Nd8 16. Ba3 Ne6 17. Bxe7 Rxe7
18. Nf5 $16) 16. Ba3 g5 $6 17. Rfe1 $16 f5 18. Nf1 $1 {/\ Ne3} f4 19. Nh2 Rf7
20. Ng4 Kg7 21. Re2 Nf5 22. Rxe8 Qxe8 (22... Nh4 23. Qe2) 23. Qxd5 Qe2 $6 (
23... Nh4 24. Qe4 $1 (24. Ne5 Rf5 25. Qd7+ Qxd7 26. Nxd7 g4 $13) 24... Qc8 25.
Ne5 $18) 24. Nxh6 $1 $18 Nxh6 25. Qxg5+ Kh8 26. Qxh6+ Kg8 27. Qg5+ Kh8 28. Qg6
1-0

[Event "Interpolis"]
[Site "Tilburg"]
[Date "1992.10.16"]
[Round "3.7"]
[White "Kengis, Edvins"]
[Black "Rohde, Michael A"]
[Result "1-0"]
[WhiteElo "2590"]
[BlackElo "2585"]
[Annotator "Knaak,R"]
[PlyCount "61"]
[EventDate "1992.10.08"]
[EventType "k.o."]
[EventRounds "7"]
[EventCountry "NED"]
[SourceTitle "CBM 032"]
[Source "ChessBase"]
[SourceDate "1993.02.01"]
[SourceVersion "1"]
[SourceVersionDate "1993.02.01"]
[SourceQuality "1"]

{Barrage 15'} 1. e4 e6 2. d4 d5 3. exd5 exd5 4. Nf3 Bd6 5. c4 c6 6. Nc3 Ne7 7.
Bd3 O-O 8. O-O h6 9. h3 Be6 10. c5 Bc7 11. Qc2 Qc8 12. Re1 Re8 13. Bd2 Nd7 14.
Re2 Nf8 15. Rae1 Neg6 16. Qc1 Rd8 17. Qc2 Bxh3 $1 $17 18. g3 (18. gxh3 $6 Qxh3
19. Ne5 (19. Re3 $2 Nh4 20. Nxh4 Bh2+ 21. Kh1 Bg3+ 22. Kg1 Qh2+ 23. Kf1 Qxf2#)
19... Bxe5 20. dxe5 Nh4 21. f4 Nf3+ 22. Kf2 Nxe1 23. Kxe1 $17) 18... Qg4 19.
Nh2 Qxd4 20. Bf5 Bxf5 21. Qxf5 Qxc5 22. Ng4 Bxg3 $4 (22... Qd6 23. Bxh6 gxh6 $4
(23... Qd7 $2 24. Nf6+ gxf6 25. Qxf6 Ne6 26. Rxe6 fxe6 27. Qxg6+ $16) 24. Nxh6+
Kg7 25. Qxf7+ Kxh6 26. f4 Nxf4 27. Rh2+ Kg5 28. gxf4+ Qxf4 29. Qg7+ Ng6 30.
Rg2+ $18) 23. Ne4 Nh4 $6 (23... Bxf2+ 24. Rxf2 Qe7 25. Nef6+ $18) 24. Nxh6+ $1
Kh8 25. Nxf7+ Kg8 26. Nh6+ Kh8 27. Qf7 Nf3+ 28. Kh1 gxh6 29. Nxc5 (29. Nf6 $1)
29... Nxe1 30. Re7 Be5 31. Rxe5 1-0

[Event "Capablanca Memorial Elite 32nd"]
[Site "Cienfuegos"]
[Date "1997.05.08"]
[Round "3"]
[White "Miles, Anthony John"]
[Black "Nogueiras Santiago, Jesus"]
[Result "1-0"]
[WhiteElo "2550"]
[BlackElo "2545"]
[Annotator "Knaak,R"]
[PlyCount "65"]
[EventDate "1997.05.05"]
[EventType "tourn"]
[EventRounds "11"]
[EventCountry "CUB"]
[EventCategory "12"]
[SourceTitle "CBM 059"]
[Source "ChessBase"]
[SourceDate "1997.08.01"]
[SourceVersion "1"]
[SourceVersionDate "1997.08.01"]
[SourceQuality "1"]

1. d4 e6 2. e4 d5 3. Nc3 Bb4 4. exd5 exd5 5. Bd3 Nc6 6. a3 Bxc3+ 7. bxc3 Nge7
8. Qh5 Be6 9. Nf3 Qd7 10. Ng5 O-O-O 11. O-O $5 {Eine interessante Neuerung.
Wenn Schwarz auf das folgende Bauernopfer verzichten muß, steht Weiß eindeutig
besser, denn er könnte dann im nächsten Zug auf e6 nehmen, ohne daß die Dame
mit Schach wiedernimmt.} (11. Nxe6 Qxe6+ $13) 11... Bg4 12. Qxf7 Rdf8 13. Qxg7
h6 14. f3 Bh5 $2 ({Der kritische Zug ist} 14... Bf5 15. Nf7 $5 {Gewissermaßen
die Echovariante zur Partiefortsetzung.} (15. Bxf5 Qxf5 16. g4 Qd7 17. Nf7 (17.
Nh3 $2 Rhg8 18. Qh7 {#6 (Fritz)} Qxg4+ $1) 17... Nf5 (17... Rhg8 $5) 18. Qxh8
Rxh8 19. Nxh8 Qg7 20. Nf7 $13) (15. Ne4 $6 dxe4 16. fxe4 Rfg8 17. Qf6 Bh3 $13)
15... Rhg8 16. Ne5 Rxg7 17. Nxd7 Rfg8 18. Bxf5 Rxg2+ 19. Kh1 Nxf5 20. Nf6 R8g7
21. Nxd5 Rxc2 {und auch hier ist es schwer, ein klares Urteil über die
Stellung abzugeben.}) 15. Nh7 $1 $18 Rfg8 16. Qxh6 Bg6 17. Bxg6 Rxg6 18. Nf8 $1
Rgxh6 19. Nxd7 Rxh2 20. Nc5 Nf5 21. Bf4 R2h4 22. g4 Ne3 23. Bxe3 Rh1+ 24. Kf2
R1h2+ 25. Kg3 R2h3+ 26. Kf4 Rf8+ 27. Kg5 Rg8+ 28. Kf6 Rf8+ 29. Kg7 Rhh8 30. Bg5
Rfg8+ 31. Kf6 Rf8+ 32. Ke6 Re8+ 33. Kxd5 1-0